[Event "Dhaka Chowdhury Memorial op-B 2nd"]
[Site "Dhaka"]
[Date "2022.07.02"]
[Round "1"]
[White "Faruk, Mallik"]
[Black "Md Shafiqul, Islam"]
[Result "0-1"]
[WhiteElo "1616"]
[BlackElo "1907"]
[PlyCount "86"]
[EventDate "2022.07.02"]
[EventType "swiss"]
[EventRounds "9"]
[EventCountry "BAN"]
[SourceTitle "EXT 2023"]
[Source "ChessBase"]
[SourceDate "2022.10.05"]
[SourceVersion "1"]
[SourceVersionDate "2022.10.05"]
[SourceQuality "1"]

1. e4 g6 2. d4 d6 3. Nf3 Bg7 4. Bc4 Nf6 5. Nc3 c6 6. 0-0 b5 7. Bd3 0-0 8. a3 Qc7 9. h3 Nbd7 10. Bg5 a6 11. Qd2 e5 12. Ne2 Re8 13. Ng3 exd4 14. Nxd4 c5 15. Nf3 c4 16. Be2 Nxe4 17. Nxe4 Rxe4 18. c3 Bb7 19. Rad1 Rae8 20. Rfe1 Nc5 21. Bf1 d5 22. Bh4 h6 23. Bg3 Qe7 24. Rxe4 Nxe4 25. Qf4 g5 26. Qc7 f5 27. Qxe7 Rxe7 28. Bb8 Bc6 29. Nd4 Bxd4 30. cxd4 f4 31. Re1 Rb7 32. Be5 a5 33. Be2 b4 34. Bg4 bxa3 35. bxa3 Rb2 36. f3 Ng3 37. Be6+ Kh7 38. Bc7 c3 39. Bxa5 c2 40. Bd2 Rb1 41. Kf2 Rd1 42. Be3 Rxe1 43. Kxe1 fxe3 0-1

[Event "Dhaka IRT U2000"]
[Site "Dhaka"]
[Date "2018.02.14"]
[Round "1"]
[White "Md Shafiqul, Islam"]
[Black "Manon, Reja Neer"]
[Result "1/2-1/2"]
[WhiteElo "1936"]
[BlackElo "1661"]
[PlyCount "65"]
[EventDate "2018.02.14"]
[EventType "swiss"]
[EventRounds "9"]
[EventCountry "BAN"]
[SourceTitle "EXT 2024"]
[Source "ChessBase"]
[SourceDate "2023.10.10"]
[SourceVersion "1"]
[SourceVersionDate "2023.10.10"]
[SourceQuality "1"]

1. Nf3 c5 2. b3 d5 3. e3 Nc6 4. Bb2 e6 5. Bb5 Nf6 6. 0-0 a6 7. Bxc6+ bxc6 8. Ne5 Qc7 9. d3 Bd6 10. f4 a5 11. a4 Ba6 12. Nd2 h5 13. Ndf3 Nh7 14. Qe1 Rg8 15. Bc3 Nf8 16. Bxa5 Qb8 17. Qh4 f6 18. Qxh5+ g6 19. Nxg6 Nxg6 20. Nh4 Kf7 21. Rf3 Rg7 22. f5 Bxh2+ 23. Kf2 Bxd3 24. cxd3 exf5 25. Nxf5 Rxa5 26. Nxg7 Qe5 27. Qh7 Qb2+ 28. Kf1 Qxa1+ 29. Ke2 Qb2+ 30. Kf1 Qc1+ 31. Ke2 Qc2+ 32. Ke1 Qc1+ 33. Ke2 1/2-1/2

[Event "BAN-chT"]
[Site "Dhaka"]
[Date "2017.12.14"]
[Round "6.3"]
[White "Ikramul, Haque Siam"]
[Black "Md Shafiqul, Islam"]
[Result "1-0"]
[WhiteElo "2160"]
[BlackElo "1946"]
[PlyCount "61"]
[EventDate "2017.12.09"]
[EventType "team-tourn"]
[EventRounds "11"]
[EventCountry "BAN"]
[SourceTitle "CBM 182 Extra"]
[Source "ChessBase"]
[SourceDate "2018.02.23"]
[SourceVersion "1"]
[SourceVersionDate "2018.02.23"]
[SourceQuality "1"]
[WhiteTeam "Titas CC"]
[BlackTeam "Access"]
[WhiteTeamCountry "BAN"]
[BlackTeamCountry "BAN"]

1. e4 e5 2. Nf3 Nc6 3. Bc4 Nf6 4. d3 Bc5 5. c3 a5 6. Nbd2 d6 7. h3 0-0 8. Nf1 Be6 9. Bb3 h6 10. Ng3 Qd7 11. Nh4 Ne7 12. Qf3 Kh7 13. Nhf5 Nfg8 14. 0-0 g6 15. Nh4 Bxh3 16. gxh3 Qxh3 17. d4 exd4 18. Ng2 f5 19. Nf4 fxe4 20. Qxe4 Qh4 21. Ne6 Qh3 22. cxd4 Nf5 23. Nxf8+ Rxf8 24. Bxg8+ Rxg8 25. dxc5 Nh4 26. Qh1 Qg4 27. Re1 Nf3+ 28. Kg2 Nh4+ 29. Kf1 Rf8 30. Bd2 Qxg3 31. Re7+ 1-0

[Event "BAN-chT"]
[Site "Dhaka"]
[Date "2017.12.13"]
[Round "5.2"]
[White "Dewan, Shahidul Amin"]
[Black "Md Shafiqul, Islam"]
[Result "1/2-1/2"]
[WhiteElo "1945"]
[BlackElo "1946"]
[PlyCount "66"]
[EventDate "2017.12.09"]
[EventType "team-tourn"]
[EventRounds "11"]
[EventCountry "BAN"]
[SourceTitle "CBM 182 Extra"]
[Source "ChessBase"]
[SourceDate "2018.02.23"]
[SourceVersion "1"]
[SourceVersionDate "2018.02.23"]
[SourceQuality "1"]
[WhiteTeam "Sonali Bank Sports"]
[BlackTeam "Access"]
[WhiteTeamCountry "BAN"]
[BlackTeamCountry "BAN"]

1. e4 e5 2. Nf3 Nc6 3. d4 exd4 4. Nxd4 Qh4 5. Nc3 Bb4 6. Be2 Qxe4 7. Ndb5 Qe5 8. f4 Qc5 9. Nxc7+ Kd8 10. Nxa8 Nf6 11. Qd3 Re8 12. Bd2 Nd4 13. 0-0-0 Bxc3 14. Bf3 Bxd2+ 15. Rxd2 Nxf3 16. Qxf3 Re3 17. Qf1 b6 18. Qd1 Bb7 19. Nxb6 axb6 20. Re1 Rxe1 21. Qxe1 Qa5 22. Qe3 Ne4 23. Rd3 Qxa2 24. Qxb6+ Ke8 25. Ra3 Qd5 26. Rd3 Qa2 27. Ra3 Qc4 28. Rd3 Nc5 29. Re3+ Ne4 30. Rd3 Qa2 31. Ra3 Qc4 32. Rd3 Nc5 33. Re3+ Ne4 1/2-1/2

[Event "BAN-chT"]
[Site "Dhaka"]
[Date "2017.12.09"]
[Round "1.3"]
[White "Md Shafiqul, Islam"]
[Black "Islam, Khandaker Aminul"]
[Result "0-1"]
[WhiteElo "1946"]
[BlackElo "2240"]
[PlyCount "64"]
[EventDate "2017.12.09"]
[EventType "team-tourn"]
[EventRounds "11"]
[EventCountry "BAN"]
[SourceTitle "CBM 182 Extra"]
[Source "ChessBase"]
[SourceDate "2018.02.23"]
[SourceVersion "1"]
[SourceVersionDate "2018.02.23"]
[SourceQuality "1"]
[WhiteTeam "Access"]
[BlackTeam "Bangladesh Navy"]
[WhiteTeamCountry "BAN"]
[BlackTeamCountry "BAN"]

1. Nf3 Nf6 2. b3 g6 3. Bb2 Bg7 4. e3 c5 5. Be2 Nc6 6. c4 0-0 7. Nc3 e5 8. 0-0 d5 9. cxd5 Nxd5 10. Ne4 b6 11. Bb5 Nde7 12. Nfg5 h6 13. Qf3 hxg5 14. Nf6+ Bxf6 15. Qxf6 Bb7 16. f4 gxf4 17. Rxf4 Nd5 18. Qxd8 Raxd8 19. Rf2 Ndb4 20. Raf1 Nd3 21. Bxc6 Bxc6 22. Rf6 Be4 23. Ba1 Bf5 24. h3 Kg7 25. Rc6 Rd7 26. g4 Be6 27. e4 Re8 28. Rf3 g5 29. Kf1 f6 30. a3 Nf4 31. Ke1 Kf7 32. Bb2 Rh8 0-1

[Event "BAN-ch U16"]
[Site "Dhaka"]
[Date "2017.04.30"]
[Round "6"]
[White "Md Shafiqul, Islam"]
[Black "Mohammad Surat, Alam"]
[Result "1-0"]
[WhiteElo "1380"]
[BlackElo "1474"]
[PlyCount "72"]
[EventDate "2017.04.25"]
[EventType "swiss"]
[EventRounds "7"]
[EventCountry "BAN"]
[SourceTitle "CBM 178 Extra"]
[Source "ChessBase"]
[SourceDate "2017.06.22"]
[SourceVersion "1"]
[SourceVersionDate "2017.06.22"]
[SourceQuality "1"]

1. e4 d6 2. d4 Nf6 3. Nc3 g6 4. Nf3 Bg4 5. Bd3 Nbd7 6. Be2 Bg7 7. h3 Bxf3 8. Bxf3 e5 9. d5 0-0 10. h4 a6 11. h5 h6 12. hxg6 fxg6 13. Bxh6 Qe7 14. Qd2 Rf7 15. Bxg7 Rxg7 16. 0-0-0 Kf7 17. Kb1 b5 18. Rc1 Nb6 19. a3 Nc4 20. Qh6 Rag8 21. b3 Nxa3+ 22. Kb2 b4 23. Na2 a5 24. c3 Rb8 25. cxb4 axb4 26. Nxb4 Rxb4 27. Kxa3 Rd4 28. Rc4 Ng8 29. Qc1 Rxc4 30. Qxc4 Qd8 31. Bg4 Nf6 32. Rc1 Ne8 33. Be6+ Kf8 34. Qc6 Ke7 35. g3 Kf6 36. f4 Qe7 1-0

[Event "BAN-chB 42nd"]
[Site "Dhaka"]
[Date "2016.10.24"]
[Round "5"]
[White "Rahman, Syed Mahfuzur"]
[Black "Md Shafiqul, Islam"]
[Result "1-0"]
[WhiteElo "2252"]
[BlackElo "1984"]
[PlyCount "45"]
[EventDate "2016.10.20"]
[EventType "swiss"]
[EventRounds "11"]
[EventCountry "BAN"]
[SourceTitle "CBM 175 Extra"]
[Source "ChessBase"]
[SourceDate "2016.12.12"]
[SourceVersion "1"]
[SourceVersionDate "2016.12.12"]
[SourceQuality "1"]

1. e4 e5 2. Nf3 Nc6 3. Bb5 Nf6 4. 0-0 Bc5 5. c3 0-0 6. d4 Bb6 7. dxe5 Nxe4 8. Qd5 Nc5 9. Bg5 Ne7 10. Qd1 h6 11. Bh4 Qe8 12. b4 Ne6 13. Qd3 Ng6 14. Bg3 a5 15. Nbd2 axb4 16. cxb4 Qe7 17. a3 h5 18. h4 c5 19. Qe4 cxb4 20. axb4 Rxa1 21. Rxa1 Nc7 22. Bc4 Re8 23. Qxg6 1-0

[Event "Dhaka op"]
[Site "Dhaka"]
[Date "2016.06.30"]
[Round "7"]
[White "Uddin, Saif"]
[Black "Md Shafiqul, Islam"]
[Result "1-0"]
[WhiteElo "2075"]
[BlackElo "1878"]
[PlyCount "51"]
[EventDate "2016.06.24"]
[EventType "swiss"]
[EventRounds "9"]
[EventCountry "BAN"]
[SourceTitle "EXT 2017"]
[Source "ChessBase"]
[SourceDate "2016.10.25"]
[SourceVersion "1"]
[SourceVersionDate "2016.10.25"]
[SourceQuality "1"]

1. Nf3 g6 2. g3 Bg7 3. Bg2 Nf6 4. c4 c6 5. Qa4 0-0 6. 0-0 d5 7. d4 dxc4 8. Qxc4 Be6 9. Qa4 Nfd7 10. Nc3 h6 11. e4 Nb6 12. Qc2 Qc8 13. Rd1 Rd8 14. Ne2 Bg4 15. Ne5 Bh3 16. Bh1 N6d7 17. Nxd7 Qxd7 18. Be3 Be6 19. b3 c5 20. dxc5 Bxa1 21. Rxd7 Nxd7 22. Nf4 Nf8 23. Nd5 f5 24. Nxe7+ Kf7 25. exf5 Kxe7 26. fxe6 1-0